000 00441 a2200145 4500
245 _apolitical history of Munhumutapa
_b : c1400-1902
_hprint
020 _a9780797444416
250 _aRev. ed.
650 _aAfrican History
005 20191021095718.0
260 _arh
_bAfrican Pub. Group
_c2011
084 _aDT938.MUD
300 _axxix, 422 p. : ill., maps
_b 21 cm.
_cxxix, 422 p. : ill., maps ; 21 cm.
500 _aS.I.G. Mudenge.
999 _c12582
_d12582